000 00763nam a2200229Ia 4500
003 OSt
005 20220926021337.0
006 a|||||r|||| 00| 0
007 ta
008 220923b |||||||| |||| 00| 0 eng d
037 _cGeneral Book
040 _aRTL
_cRTL
_beng
041 _2eng
_aeng
082 _aV1N45 : 8 . N71r, L1/UN
110 _aUNITED NATIONS , GENERAL ASSEMBLY
_999298
245 0 _aReport of the committee on the peaceful uses of the sea-bed and the ocean floor beyond the limits of national jurisdiction .
260 _aNew York
_bUN
_c1971
300 _avi , 265p
_ccm.
700 _aUNITED NATIONS , GENERAL ASSEMBLY
_999299
942 _hV1N45 : 8 . N71r, L1/UN
_cGB
_2CC
999 _c636519
_d636519